LEADER 01457nam a2200361 u 4500 001 000000063038 003 CaOOAMICUS 005 20160701140938.0 008 011016s1999 fr u000 u fre u 020 $a2204059773 032 $aLibriCat 035 $a10906687 040 $aPUL$bita 100 1 $aBoismard, Marie-Emile,$cO.P.$0(OLS)http://pul/name/3204 245 10$aA l'aube du christianisme :$bla naissance des dogmes /$cMarie-Emile Boismard. 246 04$aA l'aube du christianisme :$bavant la naissance des dogmes 260 $aParis :$bCerf,$c1999. 300 $a182 p. ;$c21 cm 490 1 $aThéologies 500 $aContiene indici. 504 $aBibliografia in nota. 650 4$aCristianesimo.$0(OLS)http://pul/subject/787 650 4$aDogmi.$0(OLS)http://pul/subject/2500 830 0$aThéologies.$0(OLS)http://pul/title/59762 850 $aPUL 852 $aPUL$W1$xDP2 Religione 3$y114$m230. 041 BOIMA 1$j175871$nBK-PRI$b $qDDC 21$B81848$CPULBib$Z2$F81848 $H85171 $81 941 1 $a9 961 $aPrecedente collocazione: Teo 175 996 $6020$a2204059773$9(OLS)http://pul/number/81814 996 $6245$aA l'aube du christianisme :$bla naissance des dogmes$9(OLS)http://pul/title/84086 996 $6246$aA l'aube du christianisme :$bavant la naissance des dogmes$9(OLS)http://pul/title/192032 996 $6260$aParis :$bCerf$9(OLS)http://pul/publisher/48238 LEADER 01324nam a2200325 a 4500 001 000000156725 003 CaOOAMICUS 005 20161125102801.0 008 161125s2009 it u000 u ita r 020 $a978-88-548-2550-5* 032 $aLibriCat 040 $aPUL$bita 082 04$a321 100 1 $aVecchio Cairone, Ivana.$0(OLS)http://pul/name/97607 245 10$aForme di Stato e forme del sacro :$bpercorsi storici /$cIvana Vecchio Cairone. 260 $aRoma :$bAracne,$c©2009. 300 $a142 p. ;$c24 cm. 490 1 $aA12 ;$v254 504 $aBibliografia in nota. 650 4$aStato$zEuropa$xStoria.$0(OLS)http://pul/subject/44011 650 4$aStato$xConcetto$xStoria.$0(OLS)http://pul/subject/10055 830 0$aA 12. Scienze giuridiche (Aracne) ;$v254.$0(OLS)http://pul/title/136652 850 $aPUL 852 $aPUL$W1$xSL Diritto e Scienze Sociali 3$y79$m321 VECIV 1$j180008$qDDC 21$B183131$CPULBib$Z2$F183131 $H128389 $81 941 1 $a9 996 $6020$a978-88-548-2550-5*$9(OLS)http://pul/number/161514 996 $6082$a321$9(OLS)http://pul/classification/1935 996 $6245$aForme di Stato e forme del sacro :$bpercorsi storici$9(OLS)http://pul/title/196333 996 $6260$aRoma :$bAracne$9(OLS)http://pul/publisher/62189